Dovozní listy : otisk všech platných ustanovení a výňatků z úředního návodu se vzorci /

Hlavní autor: Dvořák, Jan
Jazyk: Čeština
Vydáno: Praha : Průmyslová tiskárna, 1931
Vydání: 2., poznámkami opatřené vyd.
Fyzický popis: 58 s.
Knihy
Uloženo v:
LEADER 00661nam a2200193 a 4500
001 000634791
003 CZ BrMZK
005 20140610073700.0
007 ta
008 021106s1931 xr f 000 0 cze d
040 |a BOA001  |b cze 
100 1 |a Dvořák, Jan  |7 jx20040801005  |4 aut 
245 1 0 |a Dovozní listy :  |b otisk všech platných ustanovení a výňatků z úředního návodu se vzorci /  |c Jan Dvořák 
250 |a 2., poznámkami opatřené vyd. 
260 |a Praha :  |b Průmyslová tiskárna,  |c 1931 
300 |a 58 s. 
910 |a BOA001  |b 2-0488.399 
990 |a BK 
996 6 |b 2619058234  |c 2-0488.399  |l MZK  |r Sklad / do 24 hodin  |n 0  |w 000634791  |u 000010  |a 1  |e BOA001  |j MZK50  |s P